00330 2200145 4500001002100000005001500021035002000036245004300056100001600099300000800115260002700123082000800150084001400158990001200172INLIS00000000000204620250527091619 a0010-05250003381 aSelamat Tinggal Sekolah /cYusron Pora0 aYusron Pora a172 bMedia Pressindo,c2007 a370 a370 YUS s a0713216